English: (Record no. 187760)

MARC details
000 -LEADER
fixed length control field 00630nam a22001817a 4500
005 - DATE AND TIME OF LATEST TRANSACTION
control field 20220428151104.0
010 ## - LCCN (DPL NO)
LC control number ENG-132454
020 ## - INTERNATIONAL STANDARD BOOK NUMBER
International Standard Book Number 9789385616358
Terms of availability 295.00
035 ## - SYSTEM CONTROL NUMBER
System control number EN-115986
037 ## - SOURCE OF ACQUISITION
Source of stock number/acquisition DBAD/PUB
082 ## - DEWEY DECIMAL CLASSIFICATION NUMBER
Classification number 610.73
100 ## - MAIN ENTRY--PERSONAL NAME
Personal name Prasad, B.Reddy
245 ## - TITLE STATEMENT
Title English:
Remainder of title First Year B.Sc. Nursing/
Statement of responsibility, etc B.Reddy Prasad
260 ## - PUBLICATION, DISTRIBUTION, ETC. (IMPRINT)
Place of publication, distribution, etc Vijayawada
Name of publisher, distributor, etc Vijayam Publications
Date of publication, distribution, etc 2020
270 ## - ADDRESS
Address #29-2-28,Ramamandiram St,Governerpet,Eluru Road,Vijaywada-2,A.P.
City Vijayawada
Postal code 517502
Telephone number 0866-2432445
Electronic mail address vijayampublicationtriupati@gmail.com
300 ## - PHYSICAL DESCRIPTION
Extent 2.195vp.
Dimensions 24cm.(pbk)
942 ## - ADDED ENTRY ELEMENTS (KOHA)
Item type English Books
Classification part 610.73
Source of classification or shelving scheme Dewey Decimal Classification
Call number suffix PRA
Holdings
Withdrawn status Lost status Not for loan Collection code Home library Current library Date acquired Source of acquisition Cost, normal purchase price Full call number Barcode Copy number Cost, replacement price Koha item type
      Non-fiction Patel Nagar Patel Nagar 28/04/2022 DBAD/PUB 295.00 610.73 PRA EN-115986 1 295.00 English Books

© Delhi Public Library
Hit Counter
free hit counter